000 00953nam a2200277Ia 4500
008 130821s1992 sp gr spa
020 _a8473560752
040 _aCo-BoUCM
_bspa
041 0 0 _aspa
100 _aCosta Ran, Luis
245 0 0 _aNuevos instrumentos financieros en la estrategia empresarial
_cLuis Costa Ran ; Montserrat Font Vilalta.
250 _a2a. ed. revisada y actualizada
260 _aMadrid (España)
_bESIC Editorial
_c1992
300 _a531 páginas
490 _aColección Universidad
_v3
504 _aIncluye glosario sobre instrumentos financieros e índices.
650 0 4 _aAdministración de riesgos
_98574
650 0 4 _aFinanzas
_97628
650 0 4 _aMercado de futuros
_919342
650 0 4 _aMercado financiero
_919348
650 0 4 _aRiesgo (Economía)
650 0 4 _aSwaps
_924988
700 _aFont Vilalta, Montserrat
942 _cLIBRO
_a7
_e2
_mC67
_2DEWEY
_h332.644
999 _c22906
_d22906